| 000 | 04560nam a2200349 a 4500 | ||
|---|---|---|---|
| 001 | 44750 | ||
| 003 | BD-RjUL | ||
| 005 | 20211209053918.0 | ||
| 008 | 160720m19751970ii ||||| |||| 00| 0 ben d | ||
| 020 | _c: IRs. 14.00 (V-1) | ||
| 020 | _c: IRs. 14.00 (V-2) | ||
| 020 | _c: IRs. 14.00 (V-3) | ||
| 020 | _c: IRs. 14.00 (V-4) | ||
| 020 | _c: IRs. 14.00 (V-5) | ||
| 020 | _c: IRs. 20.00 (vol-6) | ||
| 020 | _c: IRs. 20.00 (vol-7) | ||
| 035 | _a(BD-RjUL)44868 | ||
| 040 |
_aBD-RjUL _bben _cBD-RjUL _dBD-RjUL |
||
| 041 | _aben | ||
| 082 |
_223 _a398 _bPRA 1971-1975 |
||
| 245 | 0 | 0 |
_aপ্রাচীন পূর্ববঙ্গ গীতিকা / _cসম্পাদক: ক্ষিতীশ্চন্দ্র মৌলিক |
| 250 | _a১ম সং. | ||
| 260 |
_aকলিকাতা : _bফার্মা কে এল মুখোপাধ্যায়, _c১৯৭০-১৯৭৫. |
||
| 300 |
_a খণ্ড. ; _c২০ সেমি. |
||
| 505 | 0 | _aখণ্ড ১: (১। বাইদ্যা কন্যা মহুয়া ২। সুন্দরী মলুয়া ৩। চন্দ্রাবতী ৪। দস্যু কেনারাম ৫। আয়না বিবি ৬। শ্যাম রায়ের পালা) -- খণ্ড ২: (১। কাঞ্চন কন্যা ২। কমলা রাণী ৩। রাজকন্যা রূপবতী ৪। পীর-বাতাসীর কন্যা ৫। সদাগর কন্যা বগুলা ৬। দেওয়ানা মদিনা ৭। আমনা বিবি ও নছর মালুম ৮। মণির ওঝা-মাঞ্জুর মাও পালা ) -- খণ্ড ৩: ( ১। লীলা কন্যা কবি কঙ্ক ২। ভেলুয়া সুন্দরী ও আমির সাধু ৩। কমলা কন্যা ৪। কাফেন চোরা ৫। সুনাই সুন্দরী ৬। ভারইয়া রাজকন্যা চম্পাবতী ৭। শীলাদেবী) -- খণ্ড্ ৪: ( ১। রঙ্গমালা সুন্দরী-চৌধুরীর লড়াই ২। ভরার মেয়ের গান ৩। মাণিকতারা ডাকাইত ৪। নেজাম ডাকাইত-পীরের কেরামতি ৫। মইষাল বন্ধু-সাঁজুতী কন্যা ৬। শান্তি কন্যার হাঁহলা) -- খণ্ড ৫: ( ১। কমল সদাইগর ২। আন্ধা বন্ধু ৩। ফিরোজ খাঁ দেওয়ান-সাখিনা বিবি ৪। পরীবানু বেগম ৫। সুজাতনয়ার বিলাপ (হাঁওলা) ৬। ছুরত্ জামাল-অধুয়া সুন্দরী ৭। কবরের কান্না ৮। বারোতীর্থর গান) -- খণ্ড ৬: ( ১। কুমার বীর নারায়ণের পালা ২। ভেলুয়া সুন্দরী-মদন সাধুর পালা ৩। বাইন্যা বউ-লক্ষ্মীর ঝাঁপি পালা । ৪। মলয়া কন্যার পালা ৫। হাতি খেদার গান ৬। মহিলা কবি সুলার শ্রীকৃষ্ণ কীর্তন) - - খণ্ড ৭: (১। রতন ঠাকুরের পালা ২। হরিণ কুমার জিয়ালনী কন্যার পালা ৩। সন্নমালার পালা ৪। দেওয়ান ঈশাখাঁর পালা ৫। রাজা রঘুর পালা ৬। কবি চন্দ্রবতী দেবী রচিত রামায়ণ ৭। এ কালের গান-বাল্য স্মৃতি স্মরণে উদবস্তর কান্না) -- | |
| 650 |
_aলোকাচারবিদ্যা _9137199 _zপূর্ববঙ্গ (বাংলাদেশ) |
||
| 650 |
_aFolklore _9137200 _zEast Bengal (Bangladesh) |
||
| 650 |
_aলোক সংগীত _zপূর্ববঙ্গ (বাংলাদেশ) _9237613 |
||
| 650 |
_aFolk music _zEast Bengal (Bangladesh) _9237614 |
||
| 700 |
_aমৌলিক, ক্ষিতীশ্চন্দ্র, সম্পাদক _9237636 |
||
| 942 |
_2ddc _cBK |
||
| 999 |
_c44750 _d44750 |
||